El cultivo del zapallo en el Valle Inferior del Río Negro /
Guardado en:
| Autor Principal: | |
|---|---|
| Formato: | Libro |
| Idioma: | Spanish |
| Publicado: |
Viedma,
Estación Experimental Agropecuaria Valle Inferior del Río Negro. Convenio INTA - Provincia de Río Negro ;
1999.
|
| Series: | Información técnica ;
nº 15 |
| Etiquetas: |
Agregar Etiqueta
Sin Etiquetas, Sea el primero en etiquetar este registro!
|
| LEADER | 00602nam a22001455a 4500 | ||
|---|---|---|---|
| 001 | EEA.libagro009173 | ||
| 005 | 20170925124312.0 | ||
| 008 | 130809s1999####ag#a##########000#0#spa#d | ||
| 082 | 0 | 4 | |a 635.62 |
| 100 | 1 | |a Martínez, Roberto Simón. | |
| 245 | 1 | 3 | |a El cultivo del zapallo en el Valle Inferior del Río Negro / |c Roberto Simón Martínez. |
| 260 | |b Estación Experimental Agropecuaria Valle Inferior del Río Negro. Convenio INTA - Provincia de Río Negro ; |a Viedma, |c 1999. | ||
| 300 | |a 26 p. : |b il. ; |c 28 cm. | ||
| 490 | 1 | |a Información técnica ; |v nº 15 | |
| 859 | |a AR-BbBCA |b BIB. AGRONOMIA |h 635.62 |i M385 |p 2013/6238 | ||
